Word Ladder: Be My Valentine Quiz Stats

 Plays Quiz Updated Feb 14, 2012

Support Sporcle.
Go Orange.
Score 0/40 Timer 04:00
2 Plays Today
♥ Hint ♥ ♥ Word ♥ % Correct
♥ Flower of beauty ♥♥ROSE♥
95.4%
Sit for a picturePOSE
95.2%
Francis or Urban, e.g.POPE
94.9%
♥ Love bird? ♥♥DOVE♥
94.1%
♥ An intense feeling of deep affection ♥♥LOVE♥
93.3%
Apply force to open a doorPUSH
93.3%
Place where solar fusion occursCORE
92.6%
Stylish Spice GirlPOSH
92%
A quantity of a medicine or drug takenDOSE
91.9%
♥ Folded paper with a greeting ♥♥CARD♥
91.4%
Late night host LettermanDAVE
91.2%
Firm or difficultHARD
89.9%
♥ A present ♥♥GIFT♥
89.7%
♥ Very strong sexual desire ♥♥LUST♥
89.7%
♥ Romantic appointment? ♥♥DATE♥
89.6%
♥ Feel concern or interest ♥♥CARE♥
89.1%
Rabbit-like mammalHARE
88.4%
♥ Touch with the lips ♥♥KISS♥
88.2%
A tall upright sail holderMAST
87.9%
At an actual event or not deadLIVE
87.2%
♥ Hint ♥ ♥ Word ♥ % Correct
Be obliged to or shouldMUST
87%
Possess or ownHAVE
86.9%
A small sheltered bayCOVE
86.5%
Like verdant, grassy fieldsLUSH
86%
Large underground chamberCAVE
85.9%
Coming after all othersLAST
85.2%
A fine spray of waterMIST
85.1%
Term for a young ladyMISS
84.1%
Water tube, perhapsPIPE
84%
Raise to a higher position or levelLIFT
82.2%
Glasgow galLASS
81.9%
Essence of a speech or textGIST
80%
Vitality, vigor, or energyLIFE
79.4%
♥ Facebook reaction ♥♥LIKE♥
76.7%
Predatory fishPIKE
76.1%
NFL team from NE, for shortPATS
73.4%
A mixture of cooked ground meat and fatPÂTÉ
69.4%
Monetary unit formerly used in RigaLATS
65%
Method of memorizationROTE
51.8%
Home for lovebirdsCOTE
49.6%

Today's Daily Dose

Missing Word
Inventors

Word Ladder
Feud Chain

Get the Picture
Domestic Movie Titles

From the Vault

Biological Taxonomy Hierarchy

by sproutcm

Science 60s
Just remember, species is last.
Remove Ads.
Support Sporcle.
Get the best of Sporcle when you Go Orange. This ad-free experience offers more features, more stats, and more fun while also helping to support Sporcle. Thank you for becoming a member.

Show Comments

Extras

Top Quizzes Today


Score Distribution

Your Account Isn't Verified!

In order to create a playlist on Sporcle, you need to verify the email address you used during registration. Go to your Sporcle Settings to finish the process.

Report this User

Report this user for behavior that violates our Community Guidelines.

Details: